|
|
|
|
| LEADER |
03085nam a2200613 4500 |
| 001 |
978-981-10-8304-4 |
| 003 |
DE-He213 |
| 005 |
20191023121944.0 |
| 007 |
cr nn 008mamaa |
| 008 |
180917s2019 si | s |||| 0|eng d |
| 020 |
|
|
|a 9789811083044
|9 978-981-10-8304-4
|
| 024 |
7 |
|
|a 10.1007/978-981-10-8304-4
|2 doi
|
| 040 |
|
|
|d GrThAP
|
| 050 |
|
4 |
|a HD9502-9502.5
|
| 050 |
|
4 |
|a HD9502-9502.5
|
| 072 |
|
7 |
|a TH
|2 bicssc
|
| 072 |
|
7 |
|a BUS070040
|2 bisacsh
|
| 072 |
|
7 |
|a TH
|2 thema
|
| 072 |
|
7 |
|a KNB
|2 thema
|
| 072 |
|
7 |
|a TH
|2 thema
|
| 072 |
|
7 |
|a KNB
|2 thema
|
| 082 |
0 |
4 |
|a 333.79
|2 23
|
| 082 |
0 |
4 |
|a 338.926
|2 23
|
| 082 |
0 |
4 |
|a 333.79
|2 23
|
| 082 |
0 |
4 |
|a 338.926
|2 23
|
| 245 |
1 |
0 |
|a Constraints and Solutions for Energy and Electricity Development
|h [electronic resource] /
|c edited by Zhixuan Wang.
|
| 250 |
|
|
|a 1st ed. 2019.
|
| 264 |
|
1 |
|a Singapore :
|b Springer Singapore :
|b Imprint: Springer,
|c 2019.
|
| 300 |
|
|
|a XII, 313 p. 77 illus.
|b online resource.
|
| 336 |
|
|
|a text
|b txt
|2 rdacontent
|
| 337 |
|
|
|a computer
|b c
|2 rdamedia
|
| 338 |
|
|
|a online resource
|b cr
|2 rdacarrier
|
| 347 |
|
|
|a text file
|b PDF
|2 rda
|
| 505 |
0 |
|
|a Analysis of energy and related constraint factors -- Energy resources constraints analysis -- Environmental constraints analysis -- Water resource constraints analysis -- Climate change constrains analysis -- System optimization of energy development.
|
| 520 |
|
|
|a This book primarily focuses on constraints and solutions for energy and electric power development. On the basis of analyses, proposes a planning index system including 26 binding indicators and the breaking constraints measures. Offering significant insights and proposals concerning the current status of energy development and the key limiting factors to sustainable energy development in China, it is a valuable resource for policy-makers, managers and researchers in the energy sector.
|
| 650 |
|
0 |
|a Energy policy.
|
| 650 |
|
0 |
|a Energy and state.
|
| 650 |
|
0 |
|a Economic policy.
|
| 650 |
|
0 |
|a Sustainable development.
|
| 650 |
|
0 |
|a Climate change.
|
| 650 |
1 |
4 |
|a Energy Policy, Economics and Management.
|0 http://scigraph.springernature.com/things/product-market-codes/112000
|
| 650 |
2 |
4 |
|a Energy Policy, Economics and Management.
|0 http://scigraph.springernature.com/things/product-market-codes/112000
|
| 650 |
2 |
4 |
|a R & D/Technology Policy.
|0 http://scigraph.springernature.com/things/product-market-codes/W43000
|
| 650 |
2 |
4 |
|a Sustainable Development.
|0 http://scigraph.springernature.com/things/product-market-codes/U34000
|
| 650 |
2 |
4 |
|a Climate Change.
|0 http://scigraph.springernature.com/things/product-market-codes/U12007
|
| 700 |
1 |
|
|a Wang, Zhixuan.
|e editor.
|4 edt
|4 http://id.loc.gov/vocabulary/relators/edt
|
| 710 |
2 |
|
|a SpringerLink (Online service)
|
| 773 |
0 |
|
|t Springer eBooks
|
| 776 |
0 |
8 |
|i Printed edition:
|z 9789811083020
|
| 776 |
0 |
8 |
|i Printed edition:
|z 9789811083037
|
| 776 |
0 |
8 |
|i Printed edition:
|z 9789811341168
|
| 856 |
4 |
0 |
|u https://doi.org/10.1007/978-981-10-8304-4
|z Full Text via HEAL-Link
|
| 912 |
|
|
|a ZDB-2-ENE
|
| 950 |
|
|
|a Energy (Springer-40367)
|